| 000 | 00784cab a2200253 4500 | ||
|---|---|---|---|
| 001 | WB3111-35 | ||
| 008 | 090401t1995 xxu||||| |||| 00| 0 eng d | ||
| 035 | _a(Sirsi) u29286 | ||
| 041 | _aeng | ||
| 245 | _aAboriginal land rights | ||
| 260 | _c1995 | ||
| 350 | _a0 | ||
| 490 |
_aFinancial Times _v17 March 1995, 6(1) |
||
| 520 | _aConsiders the implications for the Australian mining industry of the HC decision that the Native Title Act 1993, which asserts Aboriginal land rights, is valid. | ||
| 650 | _aABORIGINAL LAND RIGHTS | ||
| 650 | _aABORIGINES | ||
| 650 | _aAUSTRALIA | ||
| 650 | _aLAND (TITLES AND TRADITIONAL USAGE) ACT | ||
| 650 | _aNATIVE TITLE ACT 1993 | ||
| 690 | _aLAND | ||
| 690 | _aOVERSEAS-REST OF THE WORLD | ||
| 942 | _n0 | ||
| 948 | _c04/03/1997 | ||
| 999 |
_c19722 _d19722 |
||